000 01206nam a2200313 a 4500
001 BRCA_8261
005 20190320210212.0
008 050614s1907----gw-abd#f##---#001-0#ger-#
041 _ager
044 _agw
050 4 _aNK600
_b.I4 1907
245 1 0 _aIllustrierte geschichte des kunst-gewerbes
_bI, II
_cherausgegeben in verbindung mit G. Lehnert, Wilhelm Behnke ... [et al.].
260 _aBerlin
_bM. Oldenbourg
_c[1907]
300 _a2 v.
_bil., mapas
_c25 cm.
500 _aEdición de cantos dorados
500 _aEjemplares encuadernados en pergamino
500 _aS11
504 _aBibliografía al final v.II p. 795-817
505 0 _av.I Ersterband das kunstgewerbe im altertum, im mittelalter und zur zeit der renaissance.-- v.II Zweiter band dans kunstgewerbe in barock, rokoko, Louis XVI, empire und neuester zeit, im gebiete des islams und Ostasien.
650 1 4 _aArtes decorativas
_vHistoria
_920625
650 1 4 _aArtes decorativas
_vBibliografía
_93336
700 1 _aLehnert, G.
_eed.
_920626
700 1 _aBehncke, Wilhelm
_920627
700 1 _aBraun, Wilhelm
_920628
700 1 _aDreger, Moriz
_920629
700 1 _aFalke, Otto von
_916023
902 _aGFM
942 _2lcc
_cB
999 _c7929
_d7929